10 US States With The Most Atheists - Statistics

General Stats
  • This quiz has been taken 275 times
    271 since last reset
  • The average score is 8 of 10
Answer Stats
% of Religious State % Correct
72 New York
96%
63 Maine
91%
57 Vermont
91%
60 New Hampshire
90%
67 Washington
89%
70 Oregon
87%
69 Connecticut
81%
63 Massachusetts
78%
70 Alaska
70%
69 Montana
52%
No matching quizzes found
Score Distribution
Percent of People with Each Score
Percentile by Number Answered
Your Score History
You have not taken this quiz since the last reset